[Event "World Blitz"]
[Site "Rishon Le Zion ISR"]
[Date "2006.09.07"]
[Round "11"]
[White "Zoler,D"]
[Black "Svidler,P"]
[Result "0-1"]
[WhiteElo "2455"]
[BlackElo "2742"]
[EventDate "2006.09.07"]

1. Nf3 Nf6 2. c4 g6 3. b3 Bg7 4. Bb2 O-O 5. Nc3 d6 6. g3 e5 7. Bg2 Nc6 8.
O-O h6 9. d3 Be6 10. Nd2 Qd7 11. a3 Bh3 12. b4 Rae8 13. Nd5 Bxg2 14. Kxg2
Nh7 15. b5 Nd8 16. a4 c6 17. bxc6 bxc6 18. Nc3 f5 19. Nb3 Ne6 20. Ba3 f4
21. Ne4 Nhg5 22. Nxd6 f3+ 23. Kh1 Rb8 24. e3 h5 25. Nd2 h4 26. N2e4 c5 27.
gxh4 Nh3 28. Rg1 Nxg1 29. Qxg1 Rb6 30. Qxg6 Rxd6 31. Nxd6 Qxd6 32. Bxc5
Qxc5 33. Qxe6+ Rf7 34. Rb1 Qe7 35. Rb8+ Kh7 36. Qg4 Qf6 37. h5 Qf5 38.
Qxf5+ Rxf5 39. c5 Rf6 40. d4 exd4 41. exd4 Re6 42. h4 Bxd4 43. Rf8 Bxf2 44.
Rxf3 Bxc5 45. Rf7+ Kh6 46. Rf5 Bd4 47. Kg2 Re5 0-1

[Event "World Blitz"]
[Site "Rishon Le Zion ISR"]
[Date "2006.09.07"]
[Round "12"]
[White "Gurevich,D"]
[Black "Livshits,G"]
[Result "0-1"]
[WhiteElo "2507"]
[BlackElo "2406"]
[EventDate "2006.09.07"]

1. d4 Nf6 2. c4 g6 3. Nc3 Bg7 4. Nf3 d5 5. cxd5 Nxd5 6. Bd2 Nb6 7. Rc1 O-O
8. e3 N8d7 9. Be2 c5 10. O-O cxd4 11. Nxd4 Nc5 12. Ncb5 a6 13. Rxc5 axb5
14. Rxb5 e5 15. Nf3 Rxa2 16. Bc3 Qxd1 17. Rxd1 Na4 18. Bxe5 Bxe5 19. Nxe5
Rxb2 20. Rxb2 Nxb2 21. Rd2 Na4 22. Nd7 Bxd7 23. Rxd7 Nc3 24. Bc4 b5 25. Bb3
Ne4 26. Rd5 Rc8 27. g4 Nc5 28. Ba2 b4 29. Rd4 b3 30. Bb1 Ne6 31. Rd1 b2 32.
Kf1 Rc1 33. Ke2 Kg7 34. Kd2 Rc7 35. Ba2 Ng5 36. Rb1 Ne4+ 37. Kd3 Nxf2+ 38.
Ke2 Rc2+ 39. Kf3 Nd3 40. Ke4 Nb4 41. Bb3 Rxh2 42. Kd4 Nc2+ 43. Kc3 Nxe3 44.
g5 Rg2 45. Kd3 Nf5 46. Kc3 Nd6 47. Bd5 Rxg5 48. Kd4 Nb5+ 0-1

[Event "World Blitz"]
[Site "Rishon Le Zion ISR"]
[Date "2006.09.07"]
[Round "12"]
[White "Svidler,P"]
[Black "Bacrot,E"]
[Result "0-1"]
[WhiteElo "2742"]
[BlackElo "2707"]
[EventDate "2006.09.07"]

1. e4 e5 2. Nf3 Nc6 3. Bb5 Nf6 4. d3 Bc5 5. Nc3 d6 6. Na4 Bb6 7. c3 O-O 8.
Nxb6 axb6 9. O-O Ne7 10. Ba4 Ng6 11. h3 Nh5 12. Bg5 f6 13. Be3 Nhf4 14. d4
Kh8 15. Kh2 f5 16. exf5 Bxf5 17. dxe5 Nxg2 18. Bg5 Qc8 19. exd6 cxd6 20.
Bb3 Bxh3 21. Ng1 N2f4 22. Re1 Ra5 23. Bxf4 Nxf4 24. Ne2 Bg4 0-1

[Event "World Blitz"]
[Site "Rishon Le Zion ISR"]
[Date "2006.09.07"]
[Round "13"]
[White "Livshits,G"]
[Black "Svidler,P"]
[Result "0-1"]
[WhiteElo "2406"]
[BlackElo "2742"]
[EventDate "2006.09.07"]

1. e4 c5 2. Nc3 e6 3. Nf3 a6 4. d4 cxd4 5. Nxd4 Qc7 6. g3 Bb4 7. Nde2 Nf6
8. Bg2 Be7 9. O-O Nc6 10. h3 b5 11. a4 Rb8 12. axb5 axb5 13. Qd3 Ne5 14.
Qe3 O-O 15. g4 b4 16. Na4 d5 17. exd5 Nxd5 18. Qb3 Ba6 19. Re1 Rfc8 20. Nf4
Nxf4 21. Bxf4 Bd6 22. Bxe5 Bxe5 23. Nc5 Qxc5 24. Rxa6 Bd4 25. Re2 Qb5 26.
Qd3 Qxd3 27. cxd3 Rc1+ 28. Bf1 b3 29. Kg2 Rb1 30. f4 g6 31. f5 Rxb2 32.
Rxb2 Bxb2 33. d4 Bxd4 34. fxe6 fxe6 0-1

[Event "World Blitz"]
[Site "Rishon Le Zion ISR"]
[Date "2006.09.07"]
[Round "14"]
[White "Erenburg,S"]
[Black "Roiz,M"]
[Result "0-1"]
[WhiteElo "2585"]
[BlackElo "2611"]
[EventDate "2006.09.07"]

1. e4 c5 2. c3 e6 3. d4 d5 4. exd5 exd5 5. Nf3 Nc6 6. Bb5 Bd6 7. dxc5 Bxc5
8. O-O Nge7 9. h3 O-O 10. Bd3 Qd6 11. Nd4 Bb6 12. Be3 Bc7 13. f4 Nxd4 14.
Bxd4 Nc6 15. Be3 Re8 16. Bd2 Qf6 17. Qh5 g6 18. Qg5 Qxg5 19. fxg5 Ne5 20.
Bb5 Bd7 21. Na3 Bb6+ 22. Kh1 Bxb5 23. Nxb5 Nc4 24. Bf4 Nxb2 25. Nd6 Re7 26.
Rab1 Nc4 27. Rfd1 Nxd6 28. Bxd6 Rd7 29. Be5 Rc8 30. Rb5 Rc5 31. Rb4 Ba5 32.
Rb3 Rc8 33. Rb5 Bxc3 0-1

[Event "World Blitz"]
[Site "Rishon Le Zion ISR"]
[Date "2006.09.07"]
[Round "15"]
[White "Livshits,G"]
[Black "Polgar,Ju"]
[Result "0-1"]
[WhiteElo "2406"]
[BlackElo "2710"]
[EventDate "2006.09.07"]

1. e4 c5 2. Nf3 d6 3. d4 cxd4 4. Nxd4 Nf6 5. Nc3 a6 6. g3 e5 7. Nde2 Be7 8.
Bg2 O-O 9. O-O b6 10. h3 Bb7 11. g4 Nbd7 12. Ng3 Nc5 13. g5 Ne8 14. h4 g6
15. f4 exf4 16. Bxf4 Ng7 17. Be3 Rc8 18. Nd5 Nd7 19. c3 Ne6 20. Nf5 Bxd5
21. Nh6+ Kg7 22. exd5 Nec5 23. Bd4+ Ne5 24. Qe2 Ncd7 25. Qxa6 f6 26. Qe2
fxg5 27. hxg5 Bxg5 28. Ng4 Qe7 29. Nxe5 dxe5 30. Be3 Bxe3+ 31. Qxe3 Rc4 32.
Rxf8 Qxf8 33. Bh3 Nf6 34. Qxe5 Qc5+ 35. Kg2 Re4 36. b4 Qc4 37. Qg3 Qxd5 38.
Kg1 Nh5 39. Qc7+ Kh6 40. Qh2 Qd3 41. Qg2 Qe3+ 42. Kh2 Nf4 43. Qg3 Qd2+ 44.
Kh1 Nh5 45. Qf3 Rf4 46. Rd1 Rxf3 47. Rxd2 Rxh3+ 0-1

[Event "World Blitz"]
[Site "Rishon Le Zion ISR"]
[Date "2006.09.07"]
[Round "15"]
[White "Roiz,M"]
[Black "Gagunashvili,M"]
[Result "1-0"]
[WhiteElo "2611"]
[BlackElo "2591"]
[EventDate "2006.09.07"]

1. Nf3 d6 2. d4 Bg4 3. c4 Nd7 4. g3 e5 5. Bg2 Ngf6 6. O-O Be7 7. Nc3 O-O 8.
h3 Bh5 9. Nh4 exd4 10. Qxd4 Nc5 11. Nf5 Re8 12. Nd5 Bf8 13. Nxf6+ Qxf6 14.
Qxf6 gxf6 15. g4 Bg6 16. Ng3 Ne4 17. Bxe4 Bxe4 18. b3 Bc6 19. Bb2 Re6 20.
f3 a5 21. e4 Bg7 22. Nf5 Bh8 23. Kf2 Bd7 24. Rg1 Rae8 25. Rad1 b6 26. Bc1
Re5 27. Bb2 R5e6 28. h4 Kf8 29. Rg2 Ra8 30. a4 Rd8 31. Rdg1 Re5 32. Bxe5
fxe5 33. Rd1 Be8 34. Ne3 Rc8 35. Nd5 Bd7 36. g5 Be6 37. h5 Rb8 38. Nxc7 1-0